000
00271nam a2200121Ia 4500
008
190216s9999||||xx |||||||||||||| ||und||
100
_a
Henrik Ibsen
245
2
_a
A Doll`S House
260
_b
Macmillan India Ltd
_c
1990
300
_a
92p
650
_a
Novel
942
_c
BK
999
_c
13791
_d
13791